000 03915cam a2200637 c 4500
001 24030279
003 BJBSDDR
005 20260424110730.0
007 t|
008 250213s2025 nyua b 001 0 eng
010 _a 2024060138
020 _a9781982141806 (hardcover)
020 _a1982141808 (hardcover)
020 _z9781982141820
_qebook
035 _a24030279
035 _a(DLC)24030279
040 _aDLC
_beng
_erda
_cDLC
_dDLC
_dDLC-MRC
_dDLC
_dDLC-MRC
041 _aeng
042 _apcc
050 1 4 _a002 E 743.5
_bR595r 2025
082 0 0 _a973.918
100 1 _aRisen, Clay
_943262
245 1 0 _aRed Scare :
_bblacklists, McCarthyism, and the making of modern America /
_cClay Risen.
246 3 0 _aBlacklists, McCarthyism, and the making of modern America
250 _aFirst Scribner hardcover edition.
264 1 _aNew York :
_bScribner,
_c2025.
300 _axiv, 460 pages :
_billustrations ;
_c24 cm
336 _atext
_btxt
_2rdacontent
_0http://id.loc.gov/vocabulary/contentTypes/txt
337 _aunmediated
_bn
_2rdamedia
_0http://id.loc.gov/vocabulary/mediaTypes/n
338 _avolume
_bnc
_2rdacarrier
_0http://id.loc.gov/vocabulary/carriers/nc
340 _0http://id.loc.gov/vocabulary/millus/ill
340 _0http://id.loc.gov/vocabulary/millus/ill
504 _aIncludes bibliographical references (pages 427-440) and index
505 0 _aA Blue Envelope -- Swimming-Pool Communists -- We'll All Go to Jail -- A Civil War on the Left -- Un-American Activities -- One of You Is Lying -- Foley Square -- Peekskill USA -- A Clear and Present Danger -- The Ballad of Harry Bridges -- I Have in My Hand a List -- A Government Within the Government -- The China Lobby -- The Russians Are Coming! -- The Pink Lady -- Running with the Hounds -- Naming Names -- The China Hands -- Terror by Index Cards -- Positive Loyalty -- How Red Are the Schools? -- A Race for Death -- A Dry Crucifixion -- The Tonangeber -- Who Promoted Peress? -- McCarthywasm -- Red Monday -- The Coal-Seam Fire.
520 _a"Red Scare tells the story of McCarthyism and the Red Scare--based in part on newly declassified sources--by an award-winning writer of history and New York Times reporter"-- Provided by publisher.
600 1 4 _aMcCarthy, Joseph,
_d1908-1957
_97623
610 1 0 _aUnited States.
_bCongress.
_bHouse.
_bCommittee on Un-American Activities
610 1 4 _aEstados Unidos.
_bCongreso.
_bCámara de Representantes.
_bComité de Actividades Antiestadounidenses
_948114
650 0 _aAnti-communist movements
_zUnited States
_xHistory
_y20th century
650 4 _aMovimientos anticomunistas
_zEstados Unidos
_96805
650 0 _aSubversive activities
_zUnited States
_xHistory
_y20th century
650 4 _aActividades subversivas
_zEstados Unidos
_912799
650 0 _aCommunism
_zUnited States
_xHistory
_y20th century
650 4 _aComunismo
_xHistoria
_zEstados Unidos
_93572
650 0 _aBlacklisting of entertainers
_zUnited States
_xHistory
_y20th century
650 4 _aLista negra de artistas
_zEstados Unidos
_xHistoria
_942148
650 0 _aInternal security
_zUnited States
_xHistory
_y20th century
650 4 _aSeguridad interna
_zEstados Unidos
_92979
651 0 _aUnited States
_xPolitics and government
_y20th century
651 4 _aEstados Unidos
_xPolítica y gobierno
_ySiglo XX
_92191
776 1 _iOnline version
_4http://id.loc.gov/entities/relationships/onlineversion
_aRisen, Clay
_tRed Scare
_bFirst Scribner hardcover edition.
_dNew York: Scribner, [2025]
_h1 online resource
_w(DLC) 2024060139
_z9781982141820
_z9781982141806
_z9781982141813
884 _aDLC bibframe2marc v2.10-dev
_g20250513
_qDLC
_uhttps://github.com/lcnetdev/bibframe2marc/releases/tag/v2.10-dev
906 _a7
_bcbc
_corignew
_d1
_eecip
_f20
_gy-gencatlg
942 _2lcc
_cBK
999 _c126773
_d126773